[Event "Hessenliga 0809"]
[Site "Germany"]
[Date "2009.02.15"]
[Round "8.7"]
[White "Meinzer, Dieter"]
[Black "Johne, Siegfried"]
[Result "1-0"]
[WhiteElo "2225"]
[BlackElo "2012"]
[PlyCount "89"]
[EventDate "2008.09.14"]
[EventType "team-tourn"]
[EventRounds "9"]
[EventCountry "GER"]
[SourceTitle "EXT 2011"]
[Source "ChessBase"]
[SourceDate "2010.11.26"]
[SourceVersion "1"]
[SourceVersionDate "2010.11.26"]
[SourceQuality "1"]
[WhiteTeam "Eppstein"]
[BlackTeam "Schoeneck II"]
[WhiteTeamCountry "GER"]
[BlackTeamCountry "GER"]

1. d4 Nf6 2. c4 g6 3. Nc3 d5 4. Nf3 Bg7 5. Bg5 Ne4 6. Bh4 Nxc3 7. bxc3 b6 8. cxd5 Qxd5 9. e3 c5 10. Be2 Nc6 11. 0-0 Bb7 12. Rb1 cxd4 13. cxd4 0-0 14. Qa4 e6 15. Rfc1 Rfc8 16. Ba6 Qa5 17. Qxa5 Nxa5 18. Bxb7 Nxb7 19. Bg3 Bf8 20. Ne5 Ba3 21. Rd1 Rc2 22. Nd7 Rxa2 23. Nf6+ Kg7 24. Be5 Rc8 25. g4 Bd6 26. Ne8+ Kh6 27. Nxd6 Nxd6 28. Bxd6 Rcc2 29. Rf1 Kg5 30. h3 f5 31. Be7+ Kh6 32. g5+ Kg7 33. Bd6 Kf7 34. Rbc1 Ke8 35. Rxc2 Rxc2 36. Ra1 a5 37. Kg2 Kd7 38. Bf8 Kc6 39. Kg3 Kb5 40. f3 Ka6 41. Kf4 b5 42. Ke5 Rc3 43. Ra3 Rc6 44. Bb4 a4 45. Rc3 1-0

[Event "Hessenliga 0809"]
[Site "Germany"]
[Date "2008.09.28"]
[Round "2.8"]
[White "Bellingrath, Jens"]
[Black "Johne, Siegfried"]
[Result "1/2-1/2"]
[WhiteElo "2139"]
[BlackElo "2012"]
[PlyCount "83"]
[EventDate "2008.09.14"]
[EventType "team-tourn"]
[EventRounds "9"]
[EventCountry "GER"]
[SourceTitle "EXT 2011"]
[Source "ChessBase"]
[SourceDate "2010.11.26"]
[SourceVersion "1"]
[SourceVersionDate "2010.11.26"]
[SourceQuality "1"]
[WhiteTeam "Lorsch"]
[BlackTeam "Schoeneck II"]
[WhiteTeamCountry "GER"]
[BlackTeamCountry "GER"]

1. e4 c5 2. Nf3 e6 3. d4 cxd4 4. Nxd4 a6 5. Bd3 Nc6 6. Nxc6 dxc6 7. f4 Nf6 8. Qf3 Bc5 9. Be3 Qb6 10. Bxc5 Qxc5 11. Nc3 e5 12. f5 b5 13. 0-0-0 Bb7 14. Qg3 0-0 15. Qh4 Qe7 16. g4 Nd5 17. Qxe7 Nxe7 18. Be2 Rfd8 19. Rxd8+ Rxd8 20. Rd1 Rxd1+ 21. Nxd1 c5 22. Nf2 f6 23. Kd2 Nc8 24. Nd3 Nd6 25. Nxc5 Nxe4+ 26. Nxe4 Bxe4 27. c4 b4 28. Ke3 Bc6 29. Bf3 Bxf3 30. Kxf3 Kf7 31. Ke4 Ke7 32. Kd5 Kd7 33. Kc5 a5 34. Kd5 Kc7 35. g5 Kd7 36. h4 h6 37. b3 Kc7 38. gxh6 gxh6 39. h5 Kd7 40. Kc5 Kc7 41. Kd5 Kd7 42. Kc5 1/2-1/2

[Event "Hessen-ch Gr-C 62nd"]
[Site "Hanau"]
[Date "2008.03.21"]
[Round "4"]
[White "Johne, Siegfried"]
[Black "Gertz, Berthold"]
[Result "0-1"]
[WhiteElo "2023"]
[BlackElo "1949"]
[PlyCount "66"]
[EventDate "2008.03.19"]
[EventType "swiss"]
[EventRounds "7"]
[EventCountry "GER"]
[SourceTitle "CBM 123 Extra"]
[Source "ChessBase"]
[SourceDate "2008.05.06"]
[SourceVersion "1"]
[SourceVersionDate "2008.05.06"]
[SourceQuality "1"]

1. e4 c5 2. Nf3 d6 3. d4 cxd4 4. Nxd4 Nf6 5. Nc3 a6 6. Bc4 e6 7. Bb3 Be7 8. Be3 b5 9. f3 Bb7 10. Qd2 Nbd7 11. a4 Qa5 12. 0-0 b4 13. Na2 d5 14. exd5 Nxd5 15. Bxd5 Bxd5 16. b3 Rc8 17. Rad1 0-0 18. Rf2 Nb6 19. Nc1 Rfd8 20. Nd3 Ba8 21. Qe1 Nd5 22. Bd2 Nc3 23. Bxc3 Rxc3 24. Nc1 Bc5 25. Nce2 Re3 26. Qf1 Qb6 27. c3 bxc3 28. Nc2 Red3 29. Rxd3 Bxf2+ 30. Qxf2 Qxf2+ 31. Kxf2 Rxd3 32. Nb4 Rd2 33. Nxa6 c2 0-1

[Event "Bad Woerishofen Seniors opA 23rd"]
[Site "Bad Woerishofen"]
[Date "2007.03.09"]
[Round "2"]
[White "Johne, Siegfried"]
[Black "Schumacher, Helmut"]
[Result "0-1"]
[WhiteElo "1832"]
[BlackElo "1978"]
[PlyCount "48"]
[EventDate "2007.03.08"]
[EventType "swiss"]
[EventRounds "9"]
[EventCountry "GER"]
[SourceTitle "EXT 2022"]
[Source "ChessBase"]
[SourceDate "2021.10.06"]
[SourceVersion "1"]
[SourceVersionDate "2021.10.06"]
[SourceQuality "1"]

1. e4 e6 2. d4 d5 3. Nd2 Nf6 4. e5 Nfd7 5. Bd3 c5 6. c3 Nc6 7. Ne2 cxd4 8. cxd4 Qb6 9. Nf3 f6 10. exf6 Nxf6 11. 0-0 Bd6 12. Nc3 Bd7 13. Be3 0-0 14. a3 Be8 15. Qc2 Ne7 16. Ng5 Bg6 17. Bxg6 Nxg6 18. Rad1 Rae8 19. h3 Bb8 20. Rfe1 Qc7 21. Nf3 Ne4 22. Qd3 Rxf3 23. gxf3 Qh2+ 24. Kf1 Nf4 0-1

[Event "Bad Woerishofen Seniors opA 23rd"]
[Site "Bad Woerishofen"]
[Date "2007.03.08"]
[Round "1"]
[White "Erdmann, Wolfgang"]
[Black "Johne, Siegfried"]
[Result "0-1"]
[WhiteElo "1568"]
[BlackElo "1832"]
[PlyCount "114"]
[EventDate "2007.03.08"]
[EventType "swiss"]
[EventRounds "9"]
[EventCountry "GER"]
[SourceTitle "EXT 2022"]
[Source "ChessBase"]
[SourceDate "2021.10.06"]
[SourceVersion "1"]
[SourceVersionDate "2021.10.06"]
[SourceQuality "1"]

1. d4 Nf6 2. Bg5 Ne4 3. Bf4 d5 4. Nd2 Nd6 5. Ngf3 h6 6. h3 Bf5 7. e3 e6 8. Be2 Be7 9. 0-0 0-0 10. Rc1 Nd7 11. Re1 a6 12. a3 b5 13. c3 Nb6 14. Ne5 Qe8 15. Bf1 Rb8 16. Ra1 Nbc4 17. Nexc4 bxc4 18. Qc1 Qc6 19. Kh2 Rb6 20. f3 Rfb8 21. Ra2 Bh7 22. Bxd6 Bxd6+ 23. Kh1 Qb7 24. e4 Bg3 25. Re2 Rxb2 26. Ra1 Bf4 27. Qe1 c6 28. g3 Bxd2 29. Rxd2 Rxd2 30. Qxd2 Qb3 31. Bg2 Qb2 32. Qxb2 Rxb2 33. Rc1 Kf8 34. Kg1 Ke7 35. e5 Kd7 36. h4 Ra2 37. g4 Rxa3 38. Bh3 Rb3 39. f4 Rb1 40. Rxb1 Bxb1 41. Kf1 g6 42. Ke1 c5 43. Kd2 cxd4 44. cxd4 Kc6 45. Kc3 Kb5 46. Bf1 Bd3 47. Bg2 a5 48. Bf3 a4 49. Bd1 a3 50. g5 h5 51. Bf3 a2 52. Kb2 Kb4 53. Kxa2 Kc3 54. Bd1 Kxd4 55. Ba4 Ke3 56. Be8 Kxf4 57. Bxf7 Bf5 0-1

[Event "GER-ch Seniors 18th"]
[Site "Dresden"]
[Date "2006.07.29"]
[Round "8"]
[White "Mueller, Helmut1111"]
[Black "Johne, Siegfried"]
[Result "0-1"]
[WhiteElo "1808"]
[BlackElo "1828"]
[PlyCount "70"]
[EventDate "2006.07.22"]
[EventType "swiss"]
[EventRounds "9"]
[EventCountry "GER"]
[SourceTitle "EXT 2022"]
[Source "ChessBase"]
[SourceDate "2021.10.06"]
[SourceVersion "1"]
[SourceVersionDate "2021.10.06"]
[SourceQuality "1"]

1. Nf3 Nf6 2. g3 b6 3. Bg2 Bb7 4. 0-0 c5 5. c4 e6 6. d3 d5 7. Nbd2 Be7 8. Re1 0-0 9. Ne5 Qc7 10. f4 Nc6 11. Ndf3 Rfd8 12. Bd2 Nd7 13. Nxc6 Bxc6 14. e4 dxe4 15. dxe4 e5 16. Qc2 f6 17. Rad1 Bd6 18. f5 Nb8 19. a3 a5 20. Bc3 Be8 21. g4 Nc6 22. Bf1 a4 23. Qg2 Nd4 24. Bd3 Bf8 25. h4 h6 26. Nh2 b5 27. cxb5 c4 28. Bf1 Rab8 29. Nf3 Qc5 30. Kh1 Bxb5 31. Nd2 Nc2 32. Re2 Ne3 33. Rxe3 Qxe3 34. Bxc4+ Bxc4 35. Nxc4 Rxd1+ 0-1

[Event "GER-ch Seniors 18th"]
[Site "Dresden"]
[Date "2006.07.28"]
[Round "7"]
[White "Johne, Siegfried"]
[Black "Broberg, Horst"]
[Result "1/2-1/2"]
[WhiteElo "1828"]
[BlackElo "1911"]
[PlyCount "148"]
[EventDate "2006.07.22"]
[EventType "swiss"]
[EventRounds "9"]
[EventCountry "GER"]
[SourceTitle "EXT 2022"]
[Source "ChessBase"]
[SourceDate "2021.10.06"]
[SourceVersion "1"]
[SourceVersionDate "2021.10.06"]
[SourceQuality "1"]

1. e4 e6 2. d4 d5 3. Nc3 Nf6 4. e5 Nfd7 5. f4 c5 6. Nf3 Nc6 7. Be3 cxd4 8. Nxd4 Qb6 9. Qd2 Qxb2 10. Rb1 Qa3 11. Be2 a6 12. 0-0 Nxd4 13. Bxd4 Bc5 14. Bxc5 Qxc5+ 15. Kh1 b5 16. Bf3 Nb6 17. Ne2 Bd7 18. Nd4 Rc8 19. Rfd1 Na4 20. Rb3 Nc3 21. Ra1 a5 22. a3 0-0 23. Qd3 Qc4 24. Qd2 Rfd8 25. g3 b4 26. axb4 axb4 27. Rc1 Ra8 28. Ne2 Ne4 29. Qxb4 Qxb4 30. Rxb4 Nd2 31. Bg2 Rab8 32. Rxb8 Rxb8 33. Kg1 Rc8 34. Nd4 f6 35. Kf2 fxe5 36. fxe5 Kf7 37. Ke2 Nc4 38. Nf3 Ke7 39. Bf1 Be8 40. Kf2 Na3 41. Bd3 Bh5 42. h3 Bxf3 43. Kxf3 Nc4 44. Re1 g6 45. Kg4 Kf7 46. h4 Kg7 47. h5 Nb2 48. hxg6 Nxd3 49. cxd3 hxg6 50. Rf1 Rc3 51. Rf3 Kh6 52. Kf4 Rc6 53. g4 Ra6 54. g5+ Kg7 55. Ke3 Rb6 56. Rg3 Rb8 57. Kd4 Rf8 58. Kc5 Rf5 59. d4 Kf7 60. Rg4 Ke7 61. Kc6 Rf3 62. Rh4 Rc3+ 63. Kb7 Rg3 64. Rh7+ Kf8 65. Kc7 Rxg5 66. Kd6 Rg4 67. Kxe6 Rxd4 68. Kf6 Rf4+ 69. Kxg6 d4 70. Rd7 Ke8 71. e6 Kf8 72. Kg5 Rf1 73. Rxd4 Ke7 74. Re4 Rf6 1/2-1/2

[Event "GER-ch Seniors 18th"]
[Site "Dresden"]
[Date "2006.07.27"]
[Round "6"]
[White "Friedrich, Ekkehard"]
[Black "Johne, Siegfried"]
[Result "0-1"]
[WhiteElo "1663"]
[BlackElo "1828"]
[PlyCount "62"]
[EventDate "2006.07.22"]
[EventType "swiss"]
[EventRounds "9"]
[EventCountry "GER"]
[SourceTitle "EXT 2022"]
[Source "ChessBase"]
[SourceDate "2021.10.06"]
[SourceVersion "1"]
[SourceVersionDate "2021.10.06"]
[SourceQuality "1"]

1. e4 c5 2. Nf3 e6 3. d4 cxd4 4. Qxd4 Nc6 5. Qe3 Nf6 6. Bc4 Be7 7. 0-0 d5 8. Rd1 Nxe4 9. Qe2 Qc7 10. Bd3 Nf6 11. c3 0-0 12. a3 e5 13. Bc2 e4 14. Nd4 Nxd4 15. Rxd4 Bd6 16. h3 Be5 17. Rd1 Be6 18. Be3 Nd7 19. Nd2 f5 20. Nf1 f4 21. Bd4 Bxd4 22. Rxd4 Ne5 23. Bb3 Qf7 24. f3 e3 25. Rad1 Rfd8 26. c4 Nc6 27. R4d3 dxc4 28. Rxd8+ Rxd8 29. Rxd8+ Nxd8 30. Bc2 Nc6 31. Qd1 Qd7 0-1

[Event "GER-ch Seniors 18th"]
[Site "Dresden"]
[Date "2006.07.22"]
[Round "1"]
[White "Johne, Siegfried"]
[Black "Szenetra, Werner"]
[Result "0-1"]
[WhiteElo "2002"]
[BlackElo "2188"]
[PlyCount "74"]
[EventDate "2006.07.22"]
[EventType "swiss"]
[EventRounds "9"]
[EventCountry "GER"]
[SourceTitle "CBM 113 Extra"]
[Source "ChessBase"]
[SourceDate "2006.09.14"]
[SourceVersion "1"]
[SourceVersionDate "2006.09.14"]
[SourceQuality "1"]

1. e4 g6 2. d4 Bg7 3. Nc3 d6 4. Bg5 c6 5. Nf3 h6 6. Be3 Nf6 7. h3 Qa5 8. Qd2 b5 9. Bd3 b4 10. Ne2 d5 11. Ng3 Na6 12. 0-0 Qb6 13. c3 dxe4 14. Nxe4 Nd5 15. a3 b3 16. Ne5 Nxe3 17. fxe3 Bxe5 18. dxe5 Be6 19. Bxa6 Qxa6 20. Nc5 Qc4 21. Nxe6 Qxe6 22. Rad1 0-0 23. Qd4 Kg7 24. Qf4 a5 25. Rd2 a4 26. Rfd1 Ra5 27. Rd4 Rxe5 28. R1d3 g5 29. Qg3 Ra8 30. Kf2 c5 31. Rd8 Rxd8 32. Rxd8 Qf5+ 33. Ke2 Qc2+ 34. Rd2 Qe4 35. Qf3 Qb1 36. Qc6 Rf5 37. Rd1 Qxb2+ 0-1

[Event "Tiefenbach op"]
[Site "Tiefenbach"]
[Date "2005.01.21"]
[Round "9"]
[White "Johne, Siegfried"]
[Black "Boeven, Manfred"]
[Result "0-1"]
[WhiteElo "2006"]
[BlackElo "2161"]
[PlyCount "130"]
[EventDate "2005.01.??"]
[EventType "swiss"]
[EventRounds "9"]
[EventCountry "GER"]
[SourceTitle "EXT 2006"]
[Source "ChessBase"]
[SourceDate "2005.11.24"]
[SourceVersion "1"]
[SourceVersionDate "2005.11.24"]
[SourceQuality "1"]

1. e4 c5 2. Nf3 e6 3. d4 cxd4 4. Nxd4 Nf6 5. Nc3 Nc6 6. Be2 Bb4 7. Bg5 Qa5 8. Bxf6 Bxc3+ 9. bxc3 Qxc3+ 10. Kf1 gxf6 11. Nb5 Qe5 12. g3 a6 13. f4 Qb8 14. Nd6+ Ke7 15. Nc4 b5 16. Rb1 Qc7 17. Ne3 Qa7 18. Qd2 Qd4 19. Rd1 Qxd2 20. Rxd2 Bb7 21. Kf2 d6 22. Rhd1 Rhd8 23. a3 Na5 24. Bd3 Rac8 25. Rb1 d5 26. exd5 Bxd5 27. Ke2 Bc4 28. Bxc4 Rxd2+ 29. Kxd2 Nxc4+ 30. Nxc4 Rxc4 31. Rb3 f5 32. Re3 f6 33. h3 h5 34. Kd3 Kd6 35. Kd2 e5 36. Rf3 e4 37. Re3 Kd5 38. c3 Ra4 39. Kc2 Rc4 40. Kb3 Rc8 41. Kb4 Re8 42. Kb3 Kc5 43. Kc2 Kc4 44. Kb2 a5 45. Kc2 b4 46. axb4 axb4 47. cxb4 Kxb4 48. Kd2 Kc4 49. Ra3 Rb8 50. Ke3 Rb3+ 51. Rxb3 Kxb3 52. g4 fxg4 53. hxg4 hxg4 54. Kxe4 f5+ 55. Kxf5 g3 56. Ke6 g2 57. f5 g1Q 58. f6 Qe3+ 59. Kd7 Qd4+ 60. Ke7 Qe5+ 61. Kf7 Kc4 62. Kg6 Qe6 63. Kg7 Qg4+ 64. Kh7 Qf5+ 65. Kg7 Qg5+ 0-1

[Event "Tiefenbach op"]
[Site "Tiefenbach"]
[Date "2005.01.13"]
[Round "1"]
[White "Van Baarle, John"]
[Black "Johne, Siegfried"]
[Result "1-0"]
[WhiteElo "2266"]
[BlackElo "2006"]
[PlyCount "71"]
[EventDate "2005.01.??"]
[EventType "swiss"]
[EventRounds "9"]
[EventCountry "GER"]
[SourceTitle "EXT 2006"]
[Source "ChessBase"]
[SourceDate "2005.11.24"]
[SourceVersion "1"]
[SourceVersionDate "2005.11.24"]
[SourceQuality "1"]

1. d4 Nf6 2. c4 g6 3. Nc3 d5 4. Nf3 Bg7 5. Bg5 Ne4 6. cxd5 Nxc3 7. bxc3 Qxd5 8. e3 Bg4 9. Be2 Nd7 10. Bf4 c5 11. 0-0 cxd4 12. exd4 0-0 13. Rb1 b5 14. Rxb5 Qxa2 15. Qd3 Nb6 16. c4 Rac8 17. Rc1 Bf5 18. Qd2 Qxd2 19. Bxd2 Rfd8 20. Be3 Rc7 21. d5 Nc8 22. Rb8 Rdd7 23. Nh4 e6 24. g4 Bf6 25. Ng2 Be4 26. f3 exd5 27. fxe4 dxe4 28. Nf4 Kg7 29. Nd5 Rc6 30. Nxf6 Kxf6 31. g5+ Ke7 32. c5 Rd5 33. Bg4 Kd8 34. Rcb1 Rd3 35. Kf2 Ra3 36. Rd1+ 1-0

[Event "EU-ch Seniors 05th"]
[Site "Bad Homburg"]
[Date "2005.??.??"]
[Round "3"]
[White "Johne, Siegfried"]
[Black "Schumacher, Helmut"]
[Result "0-1"]
[WhiteElo "1987"]
[BlackElo "2136"]
[PlyCount "126"]
[EventDate "2005.06.25"]
[EventType "swiss"]
[EventRounds "9"]
[EventCountry "GER"]
[SourceTitle "EXT 2006"]
[Source "ChessBase"]
[SourceDate "2005.11.24"]
[SourceVersion "1"]
[SourceVersionDate "2005.11.24"]
[SourceQuality "1"]

1. e4 e6 2. d4 d5 3. Nc3 Bb4 4. e5 c5 5. Qg4 Ne7 6. Nf3 Nf5 7. Bb5+ Bd7 8. 0-0 h5 9. Qf4 Bxb5 10. Nxb5 a6 11. Nd6+ Nxd6 12. exd6 c4 13. Qg3 Kf8 14. Bf4 h4 15. Qg4 Bxd6 16. Bxd6+ Qxd6 17. Rfe1 Nd7 18. Ne5 Rh6 19. c3 Nf6 20. Qf4 Kg8 21. Re3 Rf8 22. Rh3 Nd7 23. Re1 f6 24. Ng6 Qxf4 25. Nxf4 e5 26. Nxd5 exd4 27. Ne7+ Kh7 28. Nf5 Rh5 29. Nxd4 Ne5 30. Re4 g5 31. f4 Nd3 32. Re7+ Kg8 33. Rxb7 Re8 34. g3 gxf4 35. Rxh4 Rxh4 36. gxh4 Re1+ 37. Kg2 Rb1 38. Kf3 Rh1 39. Kg2 Rb1 40. Nf5 f3+ 41. Kxf3 Rf1+ 42. Kg4 Ne5+ 43. Kg3 Rf3+ 44. Kg2 Rxf5 45. Ra7 Nd3 46. b3 Rf2+ 47. Kg3 Rxa2 48. bxc4 Ra5 49. h5 Ne5 50. c5 Nc6 51. Ra8+ Kg7 52. Kf4 Rxc5 53. Rxa6 Rxc3 54. h4 Rc5 55. Kg4 Ne5+ 56. Kf4 Nf7 57. Ra1 Rxh5 58. Rh1 Kh6 59. Rh2 Ne5 60. Rh1 Ng6+ 61. Kg4 Rc5 62. Rf1 Kg7 63. h5 Rg5+ 0-1

[Event "Bad Zwischenahn Seniors op 1st"]
[Site "Bad Zwischenahn"]
[Date "2004.??.??"]
[Round "5"]
[White "Budt, Karl Heinz"]
[Black "Johne, Siegfried"]
[Result "1-0"]
[WhiteElo "2028"]
[BlackElo "1863"]
[PlyCount "39"]
[EventDate "2004.07.30"]
[EventType "swiss"]
[EventRounds "9"]
[EventCountry "GER"]
[SourceTitle "EXT 2006"]
[Source "ChessBase"]
[SourceDate "2005.11.24"]
[SourceVersion "1"]
[SourceVersionDate "2005.11.24"]
[SourceQuality "1"]

1. Nf3 d5 2. b3 Nf6 3. Bb2 Bf5 4. e3 h6 5. Be2 e6 6. 0-0 Bd6 7. d4 Nc6 8. c4 0-0 9. Nc3 Re8 10. c5 Bf8 11. Bb5 Nd7 12. Bxc6 bxc6 13. Na4 f6 14. Nh4 Bh7 15. f4 e5 16. f5 exd4 17. exd4 Re4 18. g3 Qc8 19. Bc1 g5 20. fxg6 1-0

[Event "Bad Zwischenahn Seniors op 1st"]
[Site "Bad Zwischenahn"]
[Date "2004.??.??"]
[Round "6"]
[White "Johne, Siegfried"]
[Black "Kruek, Josef"]
[Result "0-1"]
[WhiteElo "1863"]
[BlackElo "2005"]
[PlyCount "63"]
[EventDate "2004.07.30"]
[EventType "swiss"]
[EventRounds "9"]
[EventCountry "GER"]
[SourceTitle "EXT 2006"]
[Source "ChessBase"]
[SourceDate "2005.11.24"]
[SourceVersion "1"]
[SourceVersionDate "2005.11.24"]
[SourceQuality "1"]

1. e4 e5 2. Nf3 Nc6 3. Bb5 a6 4. Ba4 Nf6 5. 0-0 Be7 6. Bxc6 dxc6 7. Nc3 Bg4 8. h3 Bh5 9. g4 Bg6 10. Qe2 Nd7 11. d4 Bd6 12. dxe5 Nxe5 13. Nxe5 Bxe5 14. f4 Bxc3 15. bxc3 f6 16. Ba3 c5 17. Bxc5 Qd7 18. f5 Qc6 19. Bd4 Bf7 20. e5 Qc4 21. Qe3 0-0-0 22. Rfe1 h5 23. g5 fxg5 24. Qxg5 g6 25. f6 Qa4 26. Kh2 Bxa2 27. Rxa2 Qxa2 28. e6 Qxc2+ 29. Kg1 Qa4 30. f7 Rxd4 31. e7 Rg4+ 32. hxg4 0-1

[Event "Alpenpokal op 30th"]
[Site "Tiefenbach"]
[Date "2004.??.??"]
[Round "6"]
[White "Josting, Friedel"]
[Black "Johne, Siegfried"]
[Result "1/2-1/2"]
[WhiteElo "1845"]
[BlackElo "1828"]
[PlyCount "76"]
[EventDate "2004.01.08"]
[EventType "swiss"]
[EventRounds "9"]
[EventCountry "GER"]
[SourceTitle "EXT 2006"]
[Source "ChessBase"]
[SourceDate "2005.11.24"]
[SourceVersion "1"]
[SourceVersionDate "2005.11.24"]
[SourceQuality "1"]

1. c4 Nf6 2. Nc3 d5 3. cxd5 Nxd5 4. g3 b6 5. Bg2 Bb7 6. Nf3 e6 7. d3 Be7 8. Bd2 c5 9. Rc1 0-0 10. 0-0 Nc6 11. Nxd5 Qxd5 12. a3 Bf6 13. Bc3 Qd8 14. Qd2 e5 15. Nxe5 Bxe5 16. Bxe5 Re8 17. Bc3 Qe7 18. Rfe1 Rad8 19. b4 Nd4 20. Bxb7 Qxb7 21. Bxd4 cxd4 22. Qf4 Re7 23. Rc4 Qd7 24. Rec1 Rxe2 25. Rxd4 Qe8 26. Rxd8 Qxd8 27. Qg4 Re8 28. Qc4 h6 29. d4 Re4 30. Rd1 Re5 31. d5 Kf8 32. d6 Re6 33. Qc7 Ke8 34. d7+ Ke7 35. Qxa7 Rd6 36. Re1+ Kf6 37. Rc1 Rxd7 38. Rc6+ Ke7 1/2-1/2

[Event "Bad Zwischenahn Seniors op 1st"]
[Site "Bad Zwischenahn"]
[Date "2004.??.??"]
[Round "1"]
[White "Schwirz, Horst"]
[Black "Johne, Siegfried"]
[Result "0-1"]
[WhiteElo "1505"]
[BlackElo "1863"]
[PlyCount "31"]
[EventDate "2004.07.30"]
[EventType "swiss"]
[EventRounds "9"]
[EventCountry "GER"]
[SourceTitle "EXT 2006"]
[Source "ChessBase"]
[SourceDate "2005.11.24"]
[SourceVersion "1"]
[SourceVersionDate "2005.11.24"]
[SourceQuality "1"]

1. d4 Nf6 2. Nf3 g6 3. c4 Bg7 4. Nc3 d5 5. cxd5 Nxd5 6. e4 Nxc3 7. bxc3 c5 8. Be3 Nc6 9. Bb5 cxd4 10. cxd4 Qa5+ 11. Kf1 Qxb5+ 12. Kg1 0-0 13. a4 Qa6 14. Rb1 Bg4 15. e5 Rfd8 16. g3 0-1

[Event "Bad Sooden-Allendorf Seniors op 15th"]
[Site "Bad Sooden-Allendorf"]
[Date "2003.05.06"]
[Round "8"]
[White "Kloos, Gerhard"]
[Black "Johne, Siegfried"]
[Result "0-1"]
[WhiteElo "1664"]
[BlackElo "1862"]
[PlyCount "74"]
[EventDate "2003.05.??"]
[EventType "swiss"]
[EventRounds "9"]
[EventCountry "GER"]
[SourceTitle "EXT 2006"]
[Source "ChessBase"]
[SourceDate "2005.11.24"]
[SourceVersion "1"]
[SourceVersionDate "2005.11.24"]
[SourceQuality "1"]

1. d4 Nf6 2. c4 g6 3. Nc3 d5 4. cxd5 Nxd5 5. e4 Nxc3 6. bxc3 Bg7 7. Rb1 0-0 8. Nf3 c5 9. Be2 Nc6 10. d5 Bxc3+ 11. Bd2 Bxd2+ 12. Qxd2 Na5 13. h4 f6 14. h5 gxh5 15. Nh4 Rf7 16. Bxh5 Rg7 17. Be2 b6 18. g3 Qd6 19. Qe3 Qc7 20. f4 Bd7 21. e5 fxe5 22. fxe5 Rf8 23. Rf1 Rxf1+ 24. Bxf1 Bg4 25. d6 exd6 26. exd6 Qxd6 27. Qe8+ Qf8 28. Qxf8+ Kxf8 29. Kf2 Nc6 30. Bg2 Nd4 31. Bd5 Re7 32. Re1 Rxe1 33. Kxe1 Ke7 34. Kf2 Kf6 35. Be4 h5 36. Bb7 Be6 37. Ng2 Bxa2 0-1

[Event "Hessen-ch Seniors"]
[Site "Bruchkoebel"]
[Date "2002.03.26"]
[Round "5"]
[White "Johne, Siegfried"]
[Black "Birkmeyer, Gerd"]
[Result "1-0"]
[WhiteElo "1832"]
[BlackElo "1643"]
[PlyCount "87"]
[EventDate "2002.03.22"]
[EventType "swiss"]
[EventRounds "9"]
[EventCountry "GER"]
[SourceTitle "EXT 2003"]
[Source "ChessBase"]
[SourceDate "2002.11.25"]
[SourceVersion "1"]
[SourceVersionDate "2002.11.25"]
[SourceQuality "1"]

1. e4 c6 2. d4 d5 3. exd5 cxd5 4. c4 Nf6 5. Nc3 e6 6. Nf3 Nc6 7. Bg5 Be7 8. c5 a6 9. a3 0-0 10. Bd3 h6 11. Bf4 Nd7 12. 0-0 Bf6 13. Bc2 Re8 14. Re1 Nf8 15. b4 b5 16. Rb1 Bd7 17. Qd3 Ng6 18. Bg3 Nce7 19. Ne5 Bxe5 20. Bxe5 Nc6 21. Bg3 Qg5 22. Qe3 Qxe3 23. fxe3 Nge7 24. Ra1 Kh8 25. Reb1 Na7 26. Bd3 Bc6 27. a4 Nf5 28. Bf2 g6 29. g4 Ne7 30. Bg3 Kg7 31. axb5 Nxb5 32. Nxb5 Bxb5 33. Bxb5 axb5 34. Ra5 Nc6 35. Rxb5 e5 36. Rb6 Rac8 37. b5 Nb8 38. Bxe5+ Rxe5 39. dxe5 Nd7 40. Rd6 Nxe5 41. Rxd5 Nxg4 42. b6 Nxe3 43. b7 Rb8 44. Rd7 1-0

[Event "Hessen-ch Seniors"]
[Site "Bruchkoebel"]
[Date "2002.03.24"]
[Round "3"]
[White "Johne, Siegfried"]
[Black "Kremer, Johann"]
[Result "1/2-1/2"]
[WhiteElo "1832"]
[BlackElo "1513"]
[PlyCount "37"]
[EventDate "2002.03.22"]
[EventType "swiss"]
[EventRounds "9"]
[EventCountry "GER"]
[SourceTitle "EXT 2003"]
[Source "ChessBase"]
[SourceDate "2002.11.25"]
[SourceVersion "1"]
[SourceVersionDate "2002.11.25"]
[SourceQuality "1"]

1. e4 c5 2. Nf3 Nc6 3. d4 cxd4 4. Nxd4 e5 5. Nb5 a6 6. Nd6+ Bxd6 7. Qxd6 Qe7 8. Qxe7+ Ngxe7 9. c4 Nd4 10. Bd3 Ng6 11. Nc3 Ne7 12. Be3 0-0 13. f4 d6 14. f5 f6 15. 0-0 Bd7 16. Rfd1 Ndc6 17. Be2 Nc8 18. c5 Be8 19. Bc4+ 1/2-1/2

[Event "Alpenpokal op 28th"]
[Site "Oberstdorf"]
[Date "2002.??.??"]
[Round "9"]
[White "Eidam, Horst"]
[Black "Johne, Siegfried"]
[Result "1-0"]
[WhiteElo "1889"]
[BlackElo "1832"]
[PlyCount "109"]
[EventDate "2002.01.12"]
[EventType "swiss"]
[EventRounds "9"]
[EventCountry "GER"]
[SourceTitle "EXT 2003"]
[Source "ChessBase"]
[SourceDate "2002.11.25"]
[SourceVersion "1"]
[SourceVersionDate "2002.11.25"]
[SourceQuality "1"]

1. d4 Nf6 2. c4 g6 3. Nc3 d5 4. e3 Bg7 5. Nf3 0-0 6. Bd3 dxc4 7. Bxc4 c5 8. 0-0 a6 9. dxc5 Qa5 10. Qc2 Qxc5 11. Na4 Qa5 12. Bd2 Qd8 13. Be2 Bf5 14. Qc1 Nc6 15. Nc3 e5 16. a3 Na5 17. Qd1 Re8 18. b4 Nc6 19. Qc1 e4 20. Nh4 Be6 21. g3 Ne5 22. Rd1 g5 23. Ng2 Bb3 24. Rf1 Nf3+ 25. Bxf3 exf3 26. Ne1 g4 27. Nc2 Ne4 28. Nxe4 Rxe4 29. Nd4 Rc8 30. Qb2 Bc4 31. Rfc1 Qb6 32. h3 gxh3 33. Kh2 Rxd4 34. exd4 Bxd4 35. Be3 Bxe3 36. fxe3 Qxe3 37. Rc3 Qe2+ 38. Qxe2 fxe2 39. Re1 b5 40. Rxe2 Rd8 41. Kxh3 Be6+ 42. Kg2 Rd6 43. Kf2 h5 44. Rec2 Kf8 45. Rc6 Ke7 46. Rc7+ Rd7 47. Rxd7+ Bxd7 48. Rc7 Kd6 49. Ra7 Bg4 50. Rxa6+ Kd5 51. Ke3 Kc4 52. Ke4 Kb3 53. Kd4 Be6 54. Ke5 Bc4 55. Ra7 1-0

[Event "Alpenpokal op 28th"]
[Site "Oberstdorf"]
[Date "2002.??.??"]
[Round "2"]
[White "Johne, Siegfried"]
[Black "Meyer, Thomas"]
[Result "1-0"]
[WhiteElo "1832"]
[BlackElo "1649"]
[PlyCount "33"]
[EventDate "2002.01.12"]
[EventType "swiss"]
[EventRounds "9"]
[EventCountry "GER"]
[SourceTitle "EXT 2003"]
[Source "ChessBase"]
[SourceDate "2002.11.25"]
[SourceVersion "1"]
[SourceVersionDate "2002.11.25"]
[SourceQuality "1"]

1. e4 c6 2. d4 d5 3. exd5 cxd5 4. c4 Nf6 5. Nc3 e6 6. c5 Be7 7. Nf3 0-0 8. Bd3 Nc6 9. a3 a5 10. Na4 Qc7 11. Bg5 Rb8 12. Nb6 Rd8 13. Bb5 Nd7 14. Bxc6 Nxb6 15. cxb6 Qxc6 16. Bxe7 Rd7 17. Ne5 1-0